000 01018nam a2200277Ia 4500
005 20240530110934.0
008 140319s2001 xx 000 0 ara d
040 _aGCL /
_cGCL
082 0 4 _a362.29 /
_bش ا
100 1 _aشابرول ، هنرى
245 1 0 _aالادمان فى سن المراهقة :
_cتاليف شابرول ، هنرى ؛ مترجم فؤاد شاهين
250 _aالاولى
260 _aبيروت :
_bعويدات للنشر والطباعة،
_c2001
300 _a109 ص ؛
_c24 سم
490 _aعلوم اجتماعية - زدنى علما
_v( 246 )
650 0 4 _aادمان المخدرات
650 0 4 _aالمخدرات والشباب
650 0 4 _aمكافحة المخدرات
650 0 4 _aالمخدرات والجريمة
650 0 4 _aالفساد الاجتماعى
650 0 4 _aالمراهقة
650 0 4 _aالادمان
700 _aفؤاد شاهين
_eمترجم
942 _2ddc
_cBK
999 _c66703
_d66703